000 01214nam a2200325 i 4500
003 EG-GICUC
005 20260121101218.0
008 251113b ua ||||fr|||| 000 0 ARA d
040 _a EG-GICUC
_bara
_c EG-GICUC
_d EG-GICUC
_erda
041 0 _aARA
082 0 4 _221
_a341.79
_bم ح . ت
092 0 4 _221
099 _aLaw1 11 341.79 م ح . ت
100 0 _aمحمود لطفى محمود عبد العزيز ،
_eمؤلف.
245 1 2 _aالترجمة في مجال التحكيم التجاري الدولي
_cتأليف الدكتور محمود لطفى محمود عبد العزيز.
264 1 _aالقاهرة :
_bدون ناشر ،
_cدون تاريخ نشر .
300 _a؛ 134 صفحة
_b
_c24 سم
336 _2rda content
_atext
337 _2rda media
_aComputer
338 _2rda carrier
_aOnline Resource
504 _aيشتمل على ارجاعات ببليوجرافية.
546 _aالنص باللغة العربية
650 1 4 _aالقانون الدولي
650 1 4 _aالتعاون الدولي
650 1 4 _aالتشريع
651 1 _2qrmak
856 4 0 _uhttps://fll.law.cu.edu.eg/fulltext/bks/B12-00351.pdf
905 _a76
942 _2ddc
_cBK
_e21
_n0
999 _c43071
_d43071